Normal view
MARC view
- Campbell, Howard E.
Entry Personal Name
001 - CONTROL NUMBER
- control field: 103063
003 - CONTROL NUMBER IDENTIFIER
- control field: NUST
005 - DATE AND TIME OF LATEST TRANSACTION
- control field: 20221118125238.0
008 - FIXED-LENGTH DATA ELEMENTS
- fixed length control field: 221118|| aca||aabn | a|a d
040 ## - CATALOGING SOURCE
- Original cataloging agency: NUST
- Transcribing agency: NUST
100 ## - HEADING--PERSONAL NAME
- Personal name: Campbell, Howard E.
670 ## - SOURCE DATA FOUND
- Source citation: Work cat.: (NUST)188891: Campbell, Howard E.,, Calculus / , [1975]
